| 000 | 00862cam a2200229 a 4500 | ||
|---|---|---|---|
| 001 | 1579064 | ||
| 005 | 20180112042044.0 | ||
| 008 | 930526s1994 pau 001 0 eng | ||
| 010 | _a 93023014 | ||
| 020 | _a0875961797 (hardcover : acidfree, recycled paper) | ||
| 040 |
_aDLC _cDLC _dDLC |
||
| 041 | _aeng | ||
| 080 | _a616..047 WAR | ||
| 082 | 0 | 0 |
_a616..047 WAR _220 |
| 100 | _a3 | ||
| 101 | _aSHM | ||
| 245 | 0 | 0 |
_aSymptoms--their causes & cures : _cby the editors of Prevention magazine health books, Doug Dollemore ... [et al.] ; edited by Alice Feinstein. |
| 246 | 3 | _aSymptoms--their causes and cures | |
| 906 |
_a7 _bcbc _corignew _d1 _eocip _f19 _gy-gencatlg |
||
| 942 |
_2ddc _cBK |
||
| 999 |
_c40178 _d40178 |
||